| 000 | 00000nam 2200000za 4500 |
| 001 | 9.661262 |
| 003 | CaOODSP |
| 005 | 20240207110924 |
| 007 | ta |
| 008 | 150407|1999||||xxc||||| f|0| 0 fre d |
| 020 | |a0-662-64014-4 |
| 040 | |aCaOODSP|bfre |
| 041 | |aeng |
| 041 | |afre |
| 043 | |an-cn--- |
| 086 | 1 |aSE31-28/1998 |
| 245 | 00|aAu service de la démocratie : |ble plan stratégique, 1999-2002. |
| 260 | |aOttawa : |bÉlections Canada, |c1999. |
| 300 | |a16 p. : |bill. ; |c28 cm. |
| 546 | |aBilingue |
| 563 | |aCouverture souple |
| 590 | |a99-33|b1999-08-20 |
| 691 | 07|aÉlections|2gcpds |
| 710 | 2 |aÉlections Canada. |
| 776 | 0#|tAu service de la démocratie |w(CaOODSP)9.642075 |
| 776 | 0#|tServing democracy |w(CaOODSP)9.698079 |
| 791 | |tServing democracy : |eeng|w(CaOODSP)9.661261 |